书目信息 |
| 题名: |
西瓜病虫害诊断与防治图谱
|
|
| 作者: | 王久兴 编著 | |
| 分册: | ||
| 出版信息: | 北京 金盾出版社 2014 |
|
| 页数: | 178页 | |
| 开本: | 21cm | |
| 丛书名: | ||
| 单 册: | ||
| 中图分类: | S436.5 | |
| 科图分类: | ||
| 主题词: | 西瓜--病虫害防治 , 西瓜 , 病虫害防治 | |
| 电子资源: | ||
| ISBN: | 978-7-5082-8748-5 | |
| 000 | 00914nam0 2200253 450 | |
| 001 | 012015000076 | |
| 005 | 20151130093836.57 | |
| 010 | @a978-7-5082-8748-5@dCNY25.00 | |
| 100 | @a20140429d2014 em y0chiy50 ea | |
| 101 | 0 | @achi |
| 102 | @aCN@b110000 | |
| 105 | @aa z 000yy | |
| 106 | @ar | |
| 200 | 1 | @a西瓜病虫害诊断与防治图谱@Axi gua bing chong hai zhen duan yu fang zhi tu pu@f王久兴编著 |
| 210 | @a北京@c金盾出版社@d2014 | |
| 215 | @a178页@d21cm | |
| 330 | @a本书以大量彩色照片配合文字辅助说明的方式,对西瓜种植过程中常见的病虫害进行讲解。书中分别从症状、发生特点、形态特征和发生规律等几项内容,对侵染性病害、非侵染性病害和虫害3个方面进行分析,并根据受害特点,从多个角度介绍防治方法。 | |
| 606 | 0 | @a西瓜@x病虫害防治 |
| 606 | 0 | @a西瓜 |
| 606 | 0 | @a病虫害防治 |
| 690 | @aS436.5@v5 | |
| 701 | 0 | @a王久兴@Awang jiu xing@4编著 |
| 801 | 0 | @aCN@b碧洲教育@c20151127 |
| 905 | @a10447@f4@dS436.5@e115 | |
| 西瓜病虫害诊断与防治图谱/王久兴编著.-北京:金盾出版社,2014 |
| 178页;21cm |
| ISBN 978-7-5082-8748-5:CNY25.00 |
| 本书以大量彩色照片配合文字辅助说明的方式,对西瓜种植过程中常见的病虫害进行讲解。书中分别从症状、发生特点、形态特征和发生规律等几项内容,对侵染性病害、非侵染性病害和虫害3个方面进行分析,并根据受害特点,从多个角度介绍防治方法。 |
| ● |
| 相关链接 |
|
|
|
|
正题名:西瓜病虫害诊断与防治图谱
索取号:S436.5/115
 
预约/预借
| 序号 | 登录号 | 条形码 | 馆藏地/架位号 | 状态 | 备注 |
| 1 | 0871806 | 208718066 | 第二样本阅览室/ [索取号:S436.5/115] | 在馆 | |
| 2 | 0871807 | 208718075 | 密集书库-生命科学系/ [索取号:S436.5/115] | 在馆 | |
| 3 | 0871808 | 208718084 | 第三借阅区/ [索取号:S436.5/115] | 在馆 | |
| 4 | 0871809 | 208718093 | 第三借阅区/ [索取号:S436.5/115] | 在馆 |